| 000 | 00781nam a22002177a 4500 | ||
|---|---|---|---|
| 003 | OSt | ||
| 005 | 20260317061510.0 | ||
| 008 | 260317b |||||||| |||| 00| 0 eng d | ||
| 020 | _a978-0-545-66814-9 | ||
| 040 |
_aDWCL GS lib _cOC |
||
| 082 | _aS856h 2015 | ||
| 100 | _aGERONIMO STILTON | ||
| 245 |
_aHeromice: Flood mission _cGERONIMO STILTON |
||
| 260 |
_aNew York _b Scholastic Inc _c2015 |
||
| 300 |
_a115 p _bcolor illustrations _c19 cm |
||
| 520 | _aGeronimo Superstilton, Swiftpaws, and Lady Wonderwhiskers must save Muskrat City from the Sewer Rats. | ||
| 650 | _a action-packed adventure featuring Geronimo Superstilton | ||
| 650 | _a the story emphasizes that heroes can be afraid but still do the right thing. | ||
| 700 | _aGERONIMO STILTON | ||
| 942 |
_2ddc _cFIC. _n0 |
||
| 999 |
_c9229 _d9229 |
||